00354nam a2200169Ia 4500003000900000008004100009040001300050040001300063041000800076100001800084245003600102250001000138260000900148300001100157300001000168490000600178IT-RoPAU120407s9999 xx 000 0 und d aIT-RoPAU cIT-RoPAU aita aSilvio Romani aSumma juris canonici lineamenta aRoma  c1939 a328 p. c27 cm v1